Wszystkie Drużyny na Mundialu Katar 2022 - Statystyki

Ogólne statystyki
  • Ten quiz został rozwiązany 350 razy
  • Średni wynik to 25 z 32
Statystyki odpowiedzi
Kraj % Poprawnych
Polska
99%
Argentyna
97%
Francja
94%
Portugalia
91%
Hiszpania
90%
Niemcy
90%
Anglia
89%
Arabia Saudyjska
89%
Meksyk
89%
Brazylia
88%
Katar
87%
Holandia
84%
Japonia
81%
Maroko
81%
Stany Zjednoczone
81%
Senegal
79%
Chorwacja
78%
Australia
74%
Dania
74%
Belgia
73%
Ekwador
72%
Korea Południowa
71%
Walia
68%
Urugwaj
67%
Kanada
66%
Szwajcaria
66%
Kostaryka
62%
Ghana
61%
Iran
60%
Serbia
60%
Kamerun
59%
Tunezja
56%
Nie znaleziono quizów pasujących do podanych kryteriów
Rozkład punktacji
Procent ludzi z każdym wynikiem
Percentyl według liczby udzielonych odpowiedzi
Twoja historia wyników
Nie rozwiązałeś tego quizu